<?xml version="1.0" encoding="UTF-8"?><?xml-stylesheet type="text/xsl" href="static/style.xsl"?><OAI-PMH xmlns="http://www.openarchives.org/OAI/2.0/" xmlns:xsi="http://www.w3.org/2001/XMLSchema-instance" xsi:schemaLocation="http://www.openarchives.org/OAI/2.0/ http://www.openarchives.org/OAI/2.0/OAI-PMH.xsd"><responseDate>2026-04-18T05:19:34Z</responseDate><request verb="GetRecord" identifier="oai:www.recercat.cat:20.500.12328/2778" metadataPrefix="marc">https://recercat.cat/oai/request</request><GetRecord><record><header><identifier>oai:recercat.cat:20.500.12328/2778</identifier><datestamp>2025-05-16T12:51:29Z</datestamp><setSpec>com_2072_67741</setSpec><setSpec>col_2072_484352</setSpec></header><metadata><record xmlns="http://www.loc.gov/MARC21/slim" xmlns:dcterms="http://purl.org/dc/terms/" xmlns:xsi="http://www.w3.org/2001/XMLSchema-instance" xmlns:doc="http://www.lyncode.com/xoai" xsi:schemaLocation="http://www.loc.gov/MARC21/slim http://www.loc.gov/standards/marcxml/schema/MARC21slim.xsd">
   <leader>00925njm 22002777a 4500</leader>
   <datafield ind2=" " ind1=" " tag="042">
      <subfield code="a">dc</subfield>
   </datafield>
   <datafield ind2=" " ind1=" " tag="720">
      <subfield code="a">Simon, Mathias</subfield>
      <subfield code="e">author</subfield>
   </datafield>
   <datafield ind2=" " ind1=" " tag="720">
      <subfield code="a">Pérez Bellmunt, Albert</subfield>
      <subfield code="e">author</subfield>
   </datafield>
   <datafield ind2=" " ind1=" " tag="720">
      <subfield code="a">Peillon, Olivier</subfield>
      <subfield code="e">author</subfield>
   </datafield>
   <datafield ind2=" " ind1=" " tag="720">
      <subfield code="a">Ragazzi, Paolo</subfield>
      <subfield code="e">author</subfield>
   </datafield>
   <datafield ind2=" " ind1=" " tag="720">
      <subfield code="a">Myers Escolà, Alexandra</subfield>
      <subfield code="e">author</subfield>
   </datafield>
   <datafield ind2=" " ind1=" " tag="720">
      <subfield code="a">López-de-Celis, Carlos</subfield>
      <subfield code="e">author</subfield>
   </datafield>
   <datafield ind2=" " ind1=" " tag="260">
      <subfield code="c">2019</subfield>
   </datafield>
   <datafield ind2=" " ind1=" " tag="520">
      <subfield code="a">Background: Myofascial Trigger Points (MTrPs) in the triceps surae muscles are very frequent and their presence may be implicated in pain, such as nocturnal night cramps. These points cause important limitations to athletic performance and daily activities. For this reason, treatment of these MTrPs are essential in the clinical field and have been addressed by a large number of therapeutic strategies. Therefore, the aim of this review is to analyze treatments available for the MTrPs in the triceps surae and their effectiveness. Methods: The PubMed and PEDro databases were both used for the study selection process. The terms "Trigger Points AND Gastrocnemius AND Soleus NOT Trapezius" were used and without a time restriction. From the 277 articles screened initially, 12 studies were selected to be included in this review. To assess the quality of the articles, the Jadad Scale and the U.S Preventive Task Force Scale were used. Results: The studies reviewed included healthy subjects as well as patients with disorders, or pain affecting specifically the foot and the ankle. In these studies, both active and latent trigger-points were found. Of all the variables used, the treatment of the MTrPs allows for an improvement in jump performance, quality of life, insomnia, Range of Motion (ROM) of ankle dorsiflexion, mobility, and reduced pain. However, the MTrP therapy has no effects on depression or anxiety. The principal treatments used were injections, electrostimulation, dry needling, ischemic compression, and Extra-Corporeal Shock Wave Therapy (ESWT). Conclusion: MTrPs can be the origin of several alterations. This review shows how the MTrPs treatment can improve those conditions.</subfield>
   </datafield>
   <datafield ind1="8" ind2=" " tag="024">
      <subfield code="a">Simon, Mathias; Pérez-Bellmunt, Albert; Peillon, Olivier [et al.]. Treatment of the myofascial trigger-points of triceps surae: a systematic review. International Journal of Sports and Exercise Medicine, 2019, 5, 116. Disponible en: &lt;https://clinmedjournals.org/articles/ijsem/international-journal-of-sports-and-exercise-medicine-ijsem-5-116.php?jid=ijsem>. Fecha de acceso: 13 sep. 2021. DOI: 10.23937/2469-5718/1510116</subfield>
   </datafield>
   <datafield ind1="8" ind2=" " tag="024">
      <subfield code="a">2469-5718</subfield>
   </datafield>
   <datafield ind1="8" ind2=" " tag="024">
      <subfield code="a">http://hdl.handle.net/20.500.12328/2778</subfield>
   </datafield>
   <datafield ind1="8" ind2=" " tag="024">
      <subfield code="a">https://dx.doi.org/10.23937/2469-5718/1510116</subfield>
   </datafield>
   <datafield tag="653" ind2=" " ind1=" ">
      <subfield code="a">Punts desencadenants miofascials</subfield>
   </datafield>
   <datafield tag="653" ind2=" " ind1=" ">
      <subfield code="a">Dolor</subfield>
   </datafield>
   <datafield tag="653" ind2=" " ind1=" ">
      <subfield code="a">Músculs</subfield>
   </datafield>
   <datafield tag="653" ind2=" " ind1=" ">
      <subfield code="a">Puntos desencadenantes</subfield>
   </datafield>
   <datafield tag="653" ind2=" " ind1=" ">
      <subfield code="a">Miofasciales</subfield>
   </datafield>
   <datafield tag="653" ind2=" " ind1=" ">
      <subfield code="a">Dolor músculos</subfield>
   </datafield>
   <datafield tag="653" ind2=" " ind1=" ">
      <subfield code="a">Myofascial trigger points</subfield>
   </datafield>
   <datafield tag="653" ind2=" " ind1=" ">
      <subfield code="a">Pain</subfield>
   </datafield>
   <datafield tag="653" ind2=" " ind1=" ">
      <subfield code="a">Muscles</subfield>
   </datafield>
   <datafield ind2="0" ind1="0" tag="245">
      <subfield code="a">Treatment of the myofascial trigger-points of triceps surae: a systematic review</subfield>
   </datafield>
</record></metadata></record></GetRecord></OAI-PMH>